000 00764nam a2200277Ia 4500
003 OSt
005 20221005085434.0
006 a|||||r|||| 00| 0
007 ta
008 221004b |||||||| |||| 00| 0 eng d
020 _a0374514003
024 _a37426
037 _cTextual
040 _aCRL
_cCRL
_beng
041 _2eng
_aeng
082 _aO111,1N17x, L7
100 _aLowell Robert
110 _aGift from Prof Amitava Banerjee, London
245 0 _aSelected poems
260 _aNew York
_bFarrar Straus and Giroux USA
_c1977
300 _a255p.
_ccm.
650 _aENGLISH LITERATURE
700 _aGift from Prof Amitava Banerjee, London
942 _hO111,1N17x, L7
_cTEXL
_2cc
999 _c994226
_d994226